000
003330000a22001570004500
001
000371
003
MACL
040
_a
MACL
090
_c
371
_d
371
100
_a
Ray, Satyajit
245
_a
Childhood Days
_b
A Memoir
_c
Satyajit Ray
260
_a
Penguin Books,
_c
1998
350
_a
200
650
_a
Photography
942
_k
779
_c
Book
999
_c
49678
_d
49678